نظام تخطيط موارد المنظمة ERPS بين النظرية والتطبيق / (رقم التسجيلة. 80118)

تفاصيل مارك
000 -الفاتح
حقل البيانات ثابتة الطول 01015nam a2200229 4500
003 - محدد رقم الضبط
رقم الضبط OSt
005 - وقت وتاريخ اخر تعامل مع التسجيلة
رقم الضبط 20220614162807.0
008 - عناصر البيانات ثابتة الطول - معلومات عامة
حقل البيانات ثابتة الطول 220614b2016 jo ||||g |||| 00| 0 ara d
020 ## - الرقم الدولى المعيارى للكتب
الرقم الدولى المعيارى للكتاب 9789957334970
040 ## - مصدر الفهرسة
وكالة الفهرسة الأصلية Ma-Un
وكالة النسخ Ma-Un
082 04 - رقم تصنيف ديوى العشرى
رقم التصنيف 658.4012
رقم المادة ص م ن
رقم الطبعة 21
100 1# - المدخل الرئيسى - إسم شخصى
الإسم الشخصى الصواف، محفوظ حمدون
245 10 - بيان العنوان
العنوان نظام تخطيط موارد المنظمة ERPS بين النظرية والتطبيق /
بيان المسئوليه,etc محفوظ حمدون الصواف، د. علي عبد الفتاح الشاهر.
260 ## - PUBLICATION, DISTRIBUTION, ETC. (IMPRINT)
مكان الناشر او الموزع عمان، الأردن :
اسم الناشر او الموزع مؤسسة الوراق للنشر والتوزيع،
تاريخ النشر أو التوزيع 2016
تاريخ النشر هجري 1437
300 ## - الوصف المادى
التعداد 371 ص. :
تفاصيل ماديه اخرى للوعاء إيض. ؛
أبعاد الوعاء 24 سم.
504 ## - تبصرة ببليوجرافية
تبصرة ببليوجرافية,الخ يشتمل على قائمة ببليوجرافية.
650 #7 - المدخل الاضافى بالموضوع-مصطلح موضوعى
مصطلح موضوعي أو اسم جغرافي كعنصر مدخل الإدارة الاستراتيجية
650 #7 - المدخل الاضافى بالموضوع-مصطلح موضوعى
مصطلح موضوعي أو اسم جغرافي كعنصر مدخل التخطيط الاستراتيجي
650 #7 - المدخل الاضافى بالموضوع-مصطلح موضوعى
مصطلح موضوعي أو اسم جغرافي كعنصر مدخل التخطيط الإداري
700 1# - المدخل الاضافى - اسم شخصى
الإسم الشخصى الشاهر، علي عبدالفتاح،
الدور م. مشارك.
952 ## - LOCATION AND ITEM INFORMATION (KOHA)
نوع المادة فى نظام كوها كتاب
952 ## - LOCATION AND ITEM INFORMATION (KOHA)
نوع المادة فى نظام كوها كتاب
952 ## - LOCATION AND ITEM INFORMATION (KOHA)
نوع المادة فى نظام كوها كتاب
952 ## - LOCATION AND ITEM INFORMATION (KOHA)
نوع المادة فى نظام كوها كتاب
952 ## - LOCATION AND ITEM INFORMATION (KOHA)
نوع المادة فى نظام كوها كتاب
952 ## - LOCATION AND ITEM INFORMATION (KOHA)
نوع المادة فى نظام كوها كتاب
952 ## - LOCATION AND ITEM INFORMATION (KOHA)
نوع المادة فى نظام كوها كتاب
952 ## - LOCATION AND ITEM INFORMATION (KOHA)
نوع المادة فى نظام كوها كتاب
952 ## - LOCATION AND ITEM INFORMATION (KOHA)
نوع المادة فى نظام كوها كتاب
952 ## - LOCATION AND ITEM INFORMATION (KOHA)
نوع المادة فى نظام كوها كتاب
952 ## - LOCATION AND ITEM INFORMATION (KOHA)
نوع المادة فى نظام كوها كتاب
952 ## - LOCATION AND ITEM INFORMATION (KOHA)
نوع المادة فى نظام كوها كتاب
952 ## - LOCATION AND ITEM INFORMATION (KOHA)
نوع المادة فى نظام كوها كتاب
952 ## - LOCATION AND ITEM INFORMATION (KOHA)
نوع المادة فى نظام كوها كتاب
952 ## - LOCATION AND ITEM INFORMATION (KOHA)
نوع المادة فى نظام كوها كتاب
952 ## - LOCATION AND ITEM INFORMATION (KOHA)
نوع المادة فى نظام كوها كتاب
952 ## - LOCATION AND ITEM INFORMATION (KOHA)
نوع المادة فى نظام كوها كتاب
942 ## -
-- ddc
-- BOOK
المقتنيات
حالة الفقد نموذج السعر الفعال حالة تلف ليس للاعارة تاريخ الاكتساب رقم الطلب تاريخ الاكتساب الموقع الحالي الباركود الفرع الرئيسي Date last seen مصدر التصنيف او خطة الترفيف Total Checkouts
  2022-06-19   Not For Loan 2022-06-19 658.4012 ص م ن 2022-06-19 CL 00174426 المكتبة المركزية بالمجمعة (CL) 2022-06-19 Dewey Decimal Classification  
  2022-06-19     2022-06-19 658.4012 ص م ن 2022-06-19 CL 00174427 المكتبة المركزية بالمجمعة (CL) 2022-06-19 Dewey Decimal Classification  
  2022-06-19     2022-06-19 658.4012 ص م ن 2022-06-19 CL 00174428 المكتبة المركزية بالمجمعة (CL) 2022-06-19 Dewey Decimal Classification  
  2022-06-19   Not For Loan 2022-06-19 658.4012 ص م ن 2022-06-19 IC 00174429 قسم الاجراءات الفنية (IC) 2022-06-19 Dewey Decimal Classification  
  2022-06-19     2022-06-19 658.4012 ص م ن 2022-06-19 IC 00174430 قسم الاجراءات الفنية (IC) 2022-06-19 Dewey Decimal Classification  
  2022-06-19   Not For Loan 2022-06-19 658.4012 ص م ن 2022-06-19 IC 00174431 قسم الاجراءات الفنية (IC) 2022-06-19 Dewey Decimal Classification  
  2022-06-19     2022-06-19 658.4012 ص م ن 2022-06-19 IC 00174432 قسم الاجراءات الفنية (IC) 2022-06-19 Dewey Decimal Classification  
  2022-06-19   Not For Loan 2022-06-19 658.4012 ص م ن 2022-06-19 IC 00174437 قسم الاجراءات الفنية (IC) 2022-06-19 Dewey Decimal Classification  
  2022-06-19     2022-06-19 658.4012 ص م ن 2022-06-19 IC 00174438 قسم الاجراءات الفنية (IC) 2022-06-19 Dewey Decimal Classification  
  2022-06-19   Not For Loan 2022-06-19 658.4012 ص م ن 2022-06-19 IC 00174439 قسم الاجراءات الفنية (IC) 2022-06-19 Dewey Decimal Classification  
  2022-06-19     2022-06-19 658.4012 ص م ن 2022-06-19 IC 00174440 قسم الاجراءات الفنية (IC) 2022-06-19 Dewey Decimal Classification  
  2022-06-19   Not For Loan 2022-06-19 658.4012 ص م ن 2022-06-19 SRF 00174433 مكتبة كلية العلوم و الدراسات الإنسانية برماح - طالبات (SRF) 2022-06-19 Dewey Decimal Classification  
  2022-06-19     2022-06-19 658.4012 ص م ن 2022-06-19 SRF 00174434 مكتبة كلية العلوم و الدراسات الإنسانية برماح - طالبات (SRF) 2022-06-19 Dewey Decimal Classification  
  2022-06-19   Not For Loan 2022-06-19 658.4012 ص م ن 2022-06-19 SRM 00174435 مكتبة كلية العلوم و الدراسات الإنسانية برماح - طلاب (SRM) 2022-06-19 Dewey Decimal Classification  
  2022-06-19     2022-06-19 658.4012 ص م ن 2022-06-19 SRM 00174436 مكتبة كلية العلوم و الدراسات الإنسانية برماح - طلاب (SRM) 2022-06-19 Dewey Decimal Classification  
  2022-06-19   Not For Loan 2022-06-19 658.4012 ص م ن 2022-06-19 SZM 00174441 مكتبة مجمع الكليات بالزلفى - طلاب (SZM) 2022-06-19 Dewey Decimal Classification  
  2022-06-19     2022-06-19 658.4012 ص م ن 2022-06-19 SZM 00174442 مكتبة مجمع الكليات بالزلفى - طلاب (SZM) 2022-06-19 Dewey Decimal Classification